| 000 | nam a22 a 4500 | ||
|---|---|---|---|
| 999 |
_c468595 _d468595 |
||
| 003 | BLK | ||
| 005 | 20220729094109.0 | ||
| 008 | 210301b bul|||||r ||||||| ||bul|| | ||
| 040 | _aBLK | ||
| 041 |
_aBUL _cBUL |
||
| 080 |
_aУправление на предприятията. Организация на производството, търговията, транспорта и съобщенията. Полиграфическа промишленост и издателско дело 005 _b005 _z005 |
||
| 100 |
_aКобрински, Арон Ефтимович _eпърви автор _91299 |
||
| 139 | _aКобрински, Арон Ефтимович и др. | ||
| 245 |
_aМного ли трябва на човека _cАрон Кобрински, Натан Е. Кобрински; прев. от рус. Гюргена Чакърова. |
||
| 257 | _aSUN | ||
| 260 |
_aСофия _bПрофиздат _c1972 _9210729 |
||
| 300 |
_a348 с. _bс ил. _c20 см |
||
| 380 | _a0 | ||
| 500 | _aОриг. загл. Много ли нужно человеку. - Науч.-попул. очерк за управление на производството. - Ил. направени от А. Колли и И. Чураков. | ||
| 650 | 0 |
_aУправление и организация _9460786 |
|
| 650 | 7 |
_aАвтоматизирани системи за управление _9146298 |
|
| 653 | 7 |
_aпроизводство _9194672 |
|
| 653 | 7 |
_aуправление _9199022 |
|
| 700 | 1 |
_979952 _aКобринский, Натан Ефимович _eсъавт. |
|
| 700 |
_9315539 _aЧакърова, Гюргена _eпрев. от рус. |
||
| 852 |
_aЦб 62336 _bЦб |
||
| 942 |
_cKNG _n0 _s1 |
||
| 944 |
_aCR _c2022-07-29 _kСТ |
||